000 00668nam a2200241Ia 4500
003 OSt
005 20220918211908.0
006 a|||||r|||| 00| 0
007 ta
008 220917b |||||||| |||| 00| 0 eng d
024 _a126,144
037 _cTextual
040 _aARTS
_cARTS
_beng
041 _2eng
_aeng
082 _aW:(MV4).44Q7, M5
100 _aKukreja Veena
_9121674
245 0 _aMilitary intervention in politics
_b a case study in Pakistan
260 _aNew Delhi
_bB O
_c1985
300 _axiii,223p.
_ccm.
650 _aPOLITICAL SCIENCE
942 _hW:(MV4).44Q7, M5
_cTEXL
_2CC
999 _c249289
_d249289